| 000 | 00361 a2200109 4500 | ||
|---|---|---|---|
| 001 | ART_3252 | ||
| 005 | 20260410161713.0 | ||
| 008 | 260409a | ||
| 245 | 1 | 0 | _aElementos de la concepción del comercio internacional en Adam Smith |
| 100 | 1 | _aVillanueva, Javier | |
| 773 | 0 |
_tDesarrollo económico _g- Vol. 16, Nº 64 (ene./mar. 1977) _wREV1174 |
|
| 999 |
_c16256 _d16256 |
||